| 000 | 01351nab a2200301 a 4500 | ||
|---|---|---|---|
| 005 | 20210219162423.0 | ||
| 008 | 991125s1985 mx 000 0 spa u | ||
| 035 | _aUPN01000204002 | ||
| 049 | _aART-E | ||
| 100 | 1 | _aFlecha López, Gonzalo | |
| 100 | 1 | _ugonflecha@gmail.com | |
| 222 | 0 |
_aEDMA 0-6 : _bEDUCACION MATEMATICA EN LA INFANCIA |
|
| 245 | 0 | 0 | _aMatemáticas y literatura de 0 a 3: No es una caja |
| 260 | _aEspaña | ||
| 300 | _a74-80 | ||
| 362 | 0 | _a2014 Vol. 3, no. 1 | |
| 520 | 3 | _aUna caja es un objeto que motiva el juego de los niños, pero al mismo tiempo nos permite fomentar conocimiento matemático. A partir del cuento “No es una caja”, del juego con cajas de cartón y de las intervenciones del adulto, vamos a trabajar conceptos espaciales de uso habitual en la vida del niño y que, al mismo tiempo, son base para futuros aprendizajes. La noción de espacio, la posición de uno mismo y de los objetos en éste, guarda relación con la geometría. | |
| 653 | 0 | _aMATEMATICAS | |
| 653 | 0 | _aLITERATURA INFANTIL | |
| 653 | 0 | _aCONCEPTO DE ESPACIO | |
| 653 | 0 | _aGEOMETRIA | |
| 856 | 4 | _uhttp://www.edma0-6.es/index.php/edma0-6/article/view/43/54 | |
| 905 | _aArticulo | ||
| 336 | _atexto$2rdacontent | ||
| 337 | _acomputadora$2rdamedia | ||
| 338 | _arecurso en linea$2rdacarrier | ||
| 999 |
_c176103 _d176103 |
||